<?xml version="1.0" encoding="UTF-8"?>
<marc:record xmlns:marc="http://www.loc.gov/MARC21/slim">
   <marc:leader>00000nam a2200000 a 4500</marc:leader>
   <marc:datafield ind1="1" ind2=" " tag="100">
      <marc:subfield code="a">Mitterer, Felix</marc:subfield>
      <marc:subfield code="4">aut</marc:subfield>
      <marc:subfield code="e">Verfasser/-in</marc:subfield>
   </marc:datafield>
   <marc:datafield ind1="0" ind2="0" tag="245">
      <marc:subfield code="a">Die Beichte</marc:subfield>
   </marc:datafield>
   <marc:datafield ind1="0" ind2="0" tag="245">
      <marc:subfield code="c">Mitterer, Felix</marc:subfield>
   </marc:datafield>
   <marc:datafield ind1=" " ind2="1" tag="264">
      <marc:subfield code="c">2004</marc:subfield>
   </marc:datafield>
   <marc:datafield ind1="1" ind2=" " tag="520">
      <marc:subfield code="a">MARTIN:&#xD;
Vier Jahre, Pater Eberhard! Vier Jahre im Zentrum der Hölle! Im Religionsunterricht habt ihr uns alles Mögliche erzählt, ihr Priester, wie es in der Hölle zugeht, in der wir Sünder einmal ganz sicher landen. Ich muss euch mangelnde Fantasie vorwerfen. Ich war in der schlimmsten Hölle, die man sich vorstellen kann! Hier, auf dieser Welt, in diesem Leben!&#xD;
&#xD;
PATER EBERHARD:&#xD;
Ich bin ein Mann, das ist alles! Die Kirche hat mich zum Zölibat verpflichtet, zur Keuschheit! Aber ich hab versagt, so wie viele andere auch! Andere Priester treffen auf Frauen, ich bin auf Kinder getroffen, auf Knaben! Ich weiß, es ist unverzeihlich, aber ich bin ein Mann wie alle anderen!</marc:subfield>
   </marc:datafield>
   <marc:datafield ind1=" " ind2=" " tag="020">
      <marc:subfield code="a">9783852184616</marc:subfield>
      <marc:subfield code="9">9783852184616</marc:subfield>
   </marc:datafield>
   <marc:datafield ind1=" " ind2=" " tag="041">
      <marc:subfield code="a">ger</marc:subfield>
   </marc:datafield>
   <marc:datafield ind1=" " ind2=" " tag="300">
      <marc:subfield code="a">77 Seiten</marc:subfield>
   </marc:datafield>
</marc:record>
